Clubes com pelo menos 10 participações na Copa do Brasil (1989/2015) - Statistics

Estatísticas Gerais
  • Esse quiz foi jogado 539 vezes
  • A pontuação média é 41 de 46
Estatísticas das Respostas
Participações Estado Clube % Correto
24 MG ATLÉTICO MINEIRO
99%
17 PR ATLÉTICO PARANAENSE
99%
22 BA BAHIA
99%
20 RS GRÊMIO
99%
20 RJ BOTAFOGO
98%
10 PB BOTAFOGO
98%
18 SP CORINTHIANS
98%
17 RJ FLAMENGO
98%
10 PI FLAMENGO
98%
19 RS INTERNACIONAL
98%
22 RJ VASCO DA GAMA
98%
17 MG CRUZEIRO
97%
17 RJ FLUMINENSE
97%
20 GO GOIÁS
97%
17 SP PALMEIRAS
97%
14 SP SÃO PAULO
97%
17 CE CEARÁ
96%
11 SP SANTOS
96%
17 RN AMÉRICA
95%
15 MG AMÉRICA
95%
17 CE FORTALEZA
95%
19 PE SPORT
95%
24 BA VITÓRIA
95%
19 PR CORITIBA
94%
13 SC CRICIÚMA
91%
22 PA REMO
90%
15 PR PARANÁ CLUBE
89%
17 PA PAYSANDU
89%
10 DF BRASILIENSE
88%
14 RS JUVENTUDE
88%
18 PE NÁUTICO
88%
19 PE SANTA CRUZ
86%
10 SP PONTE PRETA
85%
16 SP GUARANI
83%
12 SC FIGUEIRENSE
82%
14 RN ABC
80%
12 DF GAMA
79%
15 AC RIO BRANCO
79%
13 SP PORTUGUESA
78%
13 AL CSA
77%
13 GO VILA NOVA
77%
18 MA SAMPAIO CORRÊA
75%
14 SE SERGIPE
65%
16 AM NACIONAL
59%
11 PB TREZE
59%
10 SE CONFIANÇA
57%
Nenhum quiz correspondente encontrado
Distribuição das Pontuações
Porcentagem de Pessoas com Cada Pontuação
Percentil de Números Respondidos
Sua Pontuação Histórica
Você não jogou esse quiz